Yo-kai Watch: Slippery Yo-Kai - Statistics

General Stats
  • This quiz has been taken 3 times
  • The average score is 29 of 43
Answer Stats
Attribute and Rank Yo-Kai % Correct
Water, S Azure Dragon
100%
Water, C Babblong
100%
Water, A Bananose
100%
Earth, A Bloominoko
100%
Earth, D Draggie
100%
Restoration, D Heheheel
100%
Earth, E Noko
100%
Earth, A Pandanoko
100%
Restoration, S Shadow Venoct
100%
Lightning, S Venoct
100%
Water, B Almi
67%
Drain, B Confuze
67%
Fire, B Copperled
67%
Water, E Cricky
67%
Drain, C Croonger
67%
Water, B Cynake
67%
Drain, C Daiz
67%
Ice, B Draaagin
67%
Earth, S Dragon Lord
67%
Lightning, D Fishpicable
67%
Restoration, D Flushback
67%
Restoration, C Lady Longnek
67%
Water, S Mermadonna
67%
Water, D Mermaidyn
67%
Water, S Mermother
67%
Lightning, B Rageon
67%
Lightning, A Slitheref
67%
Drain, S Slurpent
67%
Lightning, E Snaggly
67%
Wind, C Spenp
67%
Fire, D Takoyakid
67%
Fire, B Takoyaking
67%
Fire, A Tunatic
67%
Healing, C Urnaconda
67%
Lightning, A Whinona
67%
Water, C Chummer
33%
Fire, A Firewig
33%
Fire, D Irewig
33%
Fire, B Robodraggie
33%
Earth, B Robonoko
33%
Water, B Shrook
33%
Water, B SV Snaggerjag
33%
Restoration, A Vacuumory
33%
No matching quizzes found
Score Distribution
Percent of People with Each Score
Percentile by Number Answered
Your Score History
You have not taken this quiz